000 00662nam a2200229 a 4500
005 20220810185210.0
008 130910s2011 cl r 000 0 spa d
020 _a9789584534156
035 _aUPN01000192716
049 _aCG
050 4 _aPQ9698.24 N9.6
_bC4.3
100 1 _aNunes, Lygia Bojunga,
_d1932-
_929721
245 1 0 _aClase de inglés /
_cLygia Bojunga ; tr. Santiago Ochoa.
260 _aBogotá :
_bNorma,
_c2011.
300 _a142 p.
440 0 _aZona libre
534 _pTítulo original:
_tAula de ingles
650 0 _aNovela juvenil brasileña
_922082
650 0 _aAmor en la literatura
_94325
905 _aLibro
999 _c164818
_d164818